Roemenië Trivia Quiz - Statistieken

Algemene statistieken
  • Deze quiz is 569 keer genomen
  • De gemiddelde score is 12 van 20
Antwoordstatistieken
Hint Antwoord % Correct
Hoofdstad Boekarest
96%
Aangrenzende landen Bulgarije
94%
Aangrenzende landen Moldavië
90%
Aangrenzende landen Oekraïne
90%
Aangrenzende landen Hongarije
89%
Zee waar Roemenië aan grenst Zwarte Zee
89%
Aangrenzende landen Servië
88%
Langste rivier Donau
82%
Fictieve graaf geïnspireerd door het bovenstaande Graaf Dracula
81%
Historische regio in centraal Roemenië beginnend met T Transsylvanië
57%
Bergketen die door Roemenië loopt Karpaten
54%
Roemeense autofabrikant die goed is voor 8% van alle export Dacia
50%
Land met meer dan 1,2 miljoen emigranten uit Roemenië Italië
50%
Op een na grootste stad {Cluj}-Napoca
42%
Middeleeuwse heerser die bekend staat om het spietsen van zijn vijanden Vlad de Spietser
40%
Noem een van de vier landen met een lager geboortecijfer dan Roemenië Singapore | Taiwan | Zuid-Korea | Bosnië en Herzegovina
37%
Turnster die zes perfecte tienen behaalde op de Olympische Zomerspelen van 1976 Nadia Comăneci
22%
Kasteel dat incorrect als de thuisplaats van die graaf wordt bestempeld Kasteel {Bran}
18%
Executiemethode gebruikt op de voormalige dictator Nicolae Ceaușescu op 25 december 1989 Executie{peloton}
16%
Laatste koning van Roemenië, gedwongen af te treden door de Sovjets in 1947, maar die daarna nog 70 jaar leefde Michael
14%
Geen overeenkomende quizzen gevonden
Scoreverdeling
Procent van Mensen met Elke Score
Percentiel versus Aantal Correcte Antwoorden
Uw Scoregeschiedenis
U heeft deze quiz nog niet genomen